|
|
|
|
| LEADER |
01835nam a2200397 4500 |
| 001 |
45761 |
| 003 |
BD-DhAAL |
| 005 |
20260518145533.0 |
| 008 |
260510t1969 nyu 000 1 eng |
| 010 |
|
|
|a 79438773
|
| 015 |
|
|
|a Ja69-21
|
| 020 |
|
|
|a 9780802150615
|
| 020 |
|
|
|a 9780802195449 (e-ISBN)
|
| 035 |
|
|
|a 4185845
|
| 040 |
|
|
|a DLC
|c DLC
|d DLC
|d BD-DhAAL
|
| 041 |
1 |
|
|a eng
|a jpn
|
| 050 |
0 |
0 |
|a PZ4.O287
|b Pe3
|a PL858.E14
|
| 082 |
0 |
0 |
|a 895.635
|
| 100 |
1 |
|
|a Oe, Kenzaburo,
|d 1935-2023.
|9 60612
|
| 240 |
1 |
0 |
|a Kojinteki na taiken.
|l English
|
| 245 |
1 |
2 |
|a A personal matter /
|c Kenzaburo Oe ; Translated from the Japanese by John Nathan.
|
| 260 |
|
|
|a New York :
|b Grove Press,
|c 1969.
|
| 300 |
|
|
|a 239 pages ;
|c 21 cm
|
| 500 |
|
|
|a Translation of: Kojinteki na taiken.
|
| 500 |
|
|
|a This translation originally published, New York: Grove P., 1968. Originally published as 'Kojinteki na taiken'. Tokyo: Shinchosha, 1964.
|
| 526 |
8 |
|
|a AAL
|
| 541 |
1 |
|
|a Donated by Embassy of Japan in Bangladesh, Read Japan Project 2025, The Tokyo Foundation, supported by The Nippon Foundation.
|e 45761
|
| 583 |
|
|
|x Nobel Prize in Literature, 1994.
|
| 650 |
|
0 |
|a Japanese literature.
|9 60608
|
| 650 |
|
0 |
|a Japanese fiction.
|
| 651 |
|
0 |
|a Japan
|x Fiction.
|9 12805
|
| 700 |
1 |
|
|a Nathan, John,
|d 1940-
|9 60613
|
| 852 |
1 |
|
|a Ayesha Abed Library
|c General Stacks
|
| 942 |
|
|
|2 ddc
|c BK
|
| 999 |
|
|
|c 47916
|d 47916
|
| 952 |
|
|
|0 0
|1 0
|2 ddc
|4 0
|6 895_635000000000000_OEK
|7 0
|9 79173
|a BRACUL
|b BRACUL
|d 2026-05-10
|e Donated by Embassy of Japan in Bangladesh, Read Japan Project 2025, The Tokyo Foundation, supported by The Nippon Foundation.
|l 0
|o 895.635 OEK
|p 3010045761
|r 2026-05-10
|t 1
|w 2026-05-10
|y BK
|x Donated copy received from Embassy of Japan in Bangladesh, Read Japan Project 2025, The Tokyo Foundation, supported by The Nippon Foundation on 08 April 2026; $9.94
|